Chinese presidents - Statistics

General Stats
  • This quiz has been taken 43 times
  • The average score is 5 of 12
Answer Stats
Picture Answer % Correct
Mao Zedong
100%
Xi Jinping
100%
Deng Xiaoping
92%
Hu Jintao
74%
Jiang Zemin
61%
Hua Guofeng
21%
Bo Gu
5%
Chen Duxiu
5%
Li Lisan
3%
Wang Ming
3%
Xiang Zhongfa
3%
Zhang Wentian
3%
No matching quizzes found
Score Distribution
Percent of People with Each Score
Percentile by Number Answered
Your Score History
You have not taken this quiz